M@n@gement

Detalles Bibliográficos
Formato: Revista
Lenguaje:francés
Publicado: Nantes : Association Internationale de Management Stratǧique, 1998.
Materias:
Acceso en línea:http://www.vlex.com/source/7224

MARC

LEADER 00000nas a22000007a 4500
005 20130311161904.0
007 cr|||| ||||
008 130311c19989999fr r|p s|||| 0|||b1fre d
022 |a 12864692  
035 |a 7224 
040 |a vLex 
090 |c 3887  |d 3887 
245 0 0 |a M@n@gement  |h [Recurso electrn̤ico]  
256 |a Servicio en ln̕ea 
260 |a Nantes :  |b Association Internationale de Management Stratǧique,  |c 1998. 
300 |a 1 Recurso electrn̤ico 
506 |d vLex Global  |d vLex Global (Academic Edition, excluding Law Schools)  |d vLex Global (U.S. Academic Edition, Law Schools)  |d vLex Global (U.S. Academic Edition, excluding Law Schools)  |d vLex Global (Academic Edition, Law Schools) 
650 0 4 |a Administracin̤ (Management)  |v Revistas 
650 0 4 |a Economa̕  |v Revistas 
740 |a vLex Revistas (Servicio en ln̕ea) 
856 |a Acceso restringido  |u http://www.vlex.com/source/7224 
942 |c REV 
999 0 |a Management